| 000 | 00639nam a2200229 a 4500 | ||
|---|---|---|---|
| 001 | 22922 | ||
| 003 | BD-RjUL | ||
| 005 | 20211209000854.0 | ||
| 008 | 140309s1906 uk 000 0 eng d | ||
| 035 | _a(BD-RjUL)22987 | ||
| 035 | _a(BD-RjUL) | ||
| 040 |
_aQTLN _beng _cQTLN _dBD-RjUL |
||
| 041 | _aeng | ||
| 082 |
_a823 _bPRL |
||
| 100 | 1 |
_aProcter, Adelaide Anne, _d1825-1864. _970683 |
|
| 245 | 1 | 0 |
_aLegends and lyrics and other poems / _cAdelaide Anne Procter. |
| 260 |
_aLondon : _bJ.M. Dent, _c1906. |
||
| 300 |
_a332 p. ; _c18cm. |
||
| 490 | 0 |
_aEveryman's library ; _vno. 150 |
|
| 650 |
_aEnglish fiction _970684 |
||
| 942 |
_2ddc _cBK |
||
| 999 |
_c22922 _d22922 |
||